[Event "Tourn. n9397"]
[Site "www.chess-mail.com"]
[Date "2017.06.25"]
[Round "1"]
[White "Osopanda"]
[Black "Astroboy"]
[WhiteElo "1700"]
[BlackElo "2079"]
[Result "0-1"]
[Round "1"]
1.e4 c6
2.d4 d5
3.e5 c5
4.c3 Nb8c6
5.Ng1f3 Bc8g4
6.Nb1d2 e6
7.Bf1b5 Qd8b6
8.Bb5xc6 Qb6xc6
9.O-O Ng8h6
10.Rf1e1 cxd4
11.cxd4 Bf8b4
 { time }
0-1

[Event "Tourn. n9402"]
[Site "www.chess-mail.com"]
[Date "2017.06.25"]
[Round "1"]
[White "Osopanda"]
[Black "Madz123456"]
[WhiteElo "1700"]
[BlackElo "1610"]
[Result "0-1"]
[Round "1"]
1.d4 Ng8f6
2.Ng1f3 e6
3.c4 b6
4.Nb1c3 Bc8b7
5.d5 Bf8b4
6.e4 Nf6xe4
7.Qd1c2 exd5
8.cxd5 Bb7xd5
9.Bf1d3 Ne4c5
10.O-O Bd5xf3
11.gxf3 Nb8c6
 { time }
0-1

[Event "Tourn. n9397"]
[Site "www.chess-mail.com"]
[Date "2017.06.25"]
[Round "1"]
[White "Madz123456"]
[Black "Julian"]
[WhiteElo "1550"]
[BlackElo "1660"]
[Result "1-0"]
[Round "1"]
1.e4 d6
2.d4 Ng8f6
3.Nb1c3 Nb8d7
4.f4 e5
5.Ng1f3 Bf8e7
6.dxe5 dxe5
7.fxe5 Nf6g4
8.Bc1f4 O-O
9.h3 Ng4h6
10.Qd1d2 Nd7c5
11.Bf4xh6 Qd8xd2
12.Bh6xd2 Bc8e6
13.b4  { time }
1-0

[Event "Tourn. n9333"]
[Site "www.chess-mail.com"]
[Date "2017.06.25"]
[Round "1"]
[White "Passaroa25"]
[Black "Hansen"]
[WhiteElo "1630"]
[BlackElo "1570"]
[Result "0-1"]
[Round "1"]
1.e4 d5
2.f3 dxe4
3.fxe4 Ng8f6
4.d3 c5
5.Nb1d2 Bc8g4
6.Bf1e2 h5
7.Nd2b3 e6
8.Be2f3 Nb8c6
9.c3 Nc6e5
10.Bf3e2 c4
11.Nb3d2 cxd3
12.Be2xg4 Nf6xg4
13.Ng1f3 Bf8c5
14.Nf3xe5 Ng4xe5
15.b4 Bc5e3
16.Nd2f1 d2
17.Bc1xd2 Ne5c4
18.Ra1b1 Ra8c8
19.Qd1a4 Ke7
20.Bd2xe3 a6
21.Be3d4 Nc4b6
22.Qa4a5 Nb6c4
23.Qa5xd8 Rh8xd8
24.Bd4xg7 Rd8g8
25.Bg7d4 Rg8xg2
26.Bd4f2 Nc4a3
27.Bf2c5 Kf6
28.Rb1c1 Rc8d8
29.Nf1e3 Rg2xa2
30.Bc5d4 e5
31.Ne3d5 Ke6
32.Bd4b6 Rd8g8
33.Nd5e3 Kd6
34.Bb6c5 Kc6
35.h4 Rg8g3
36.Ne3f5 Rg3g2
37.Nf5e7 Kb5
38.Kf1 Na3c4
39.Rc1d1 b6
40.Rd1d5 bxc5
41.Rd5xc5 Ka4
42.Rc5xc4 Kb3
43.Rc4c5 Rg2c2
{ resign }
0-1

[Event "Match"]
[Site "www.echecsemail.com"]
[Date "2017.06.25"]
[Round "1"]
[White "Babedad"]
[Black "Cjood"]
[WhiteElo "2120"]
[BlackElo "1669"]
[Result "1-0"]
[Round "1"]
1.b3 c5
2.c4 e5
3.Bc1b2 Nb8c6
4.Ng1f3 Qd8c7
5.d3 Ng8f6
6.g3 d6
7.Bf1g2 Nf6g4
8.h3 Ng4f6
9.O-O Bf8e7
10.Nb1d2 Bc8e6
11.Nf3g5 Qc7d7
12.Ng5xe6 Qd7xe6
13.Nd2e4 O-O
14.e3 Nf6xe4
15.dxe4 Ra8d8
16.a3 a5
17.Qd1c2 g6
18.Rf1d1 h5
19.Rd1d5 h4
20.g4 g5
21.Ra1d1 f6
22.Qc2d2 b6
23.Bb2c3 Nc6a7
24.Qd2e2 Rd8d7
25.a4 Rf8e8
26.Bc3b2 Na7c6
27.Bb2c3 Nc6b4
28.Bc3xb4 axb4
29.Rd1a1 Be7d8
30.Qe2d2 Bd8c7
31.Ra1d1 Re8d8
32.f4 Qe6e7
33.fxg5 fxg5
34.Rd1f1 Rd8f8
35.Rf1f5 Rf8d8
36.Qd2d1 Rd8f8
37.Rd5d2 Bc7b8
38.Rd2f2 Rf8xf5
39.exf5 Qe7f6
40.Bg2d5 Kg7
41.Bd5e6 Rd7d8
42.Qd1d5 e4
43.Qd5xe4 Qf6a1
44.Kg2 Qa1d1
45.f6 Kh6
46.f7 Rd8f8
47.Rf2f6 { resign }
1-0

[Event "Match"]
[Site "www.echecsemail.com"]
[Date "2017.06.25"]
[Round "1"]
[White "Cjood"]
[Black "Gimmyg"]
[WhiteElo "1870"]
[BlackElo "2440"]
[Result "0-1"]
[Round "1"]
1.e4 d5
2.exd5 Qd8xd5
3.Nb1c3 Qd5a5
4.Ng1f3 Ng8f6
5.Bf1c4 Nb8c6
6.d3 Bc8g4
7.h3 Qa5h5
8.Bc1f4 Nc6d4
9.Bc4xf7 Kxf7
10.Nf3e5 Qh5xe5
11.Bf4xe5 Bg4xd1
12.Kxd1 c5
13.Kd2 Ra8d8
14.Nc3a4 Nd4c6
15.Be5xf6 exf6
16.Ra1e1 c4
17.Re1e3 cxd3
18.cxd3 b5
19.Na4c3 Bf8c5
20.Re3e2 Nc6b4
21.Nc3xb5 Rd8xd3
22.Ke1 Rh8d8
23.Nb5c3 Nb4xa2
{ resign }
0-1

[Event "Match"]
[Site "www.echecsemail.com"]
[Date "2017.06.25"]
[Round "1"]
[White "Cjood"]
[Black "Bojan"]
[WhiteElo "1960"]
[BlackElo "2010"]
[Result "1/2-1/2"]
[Round "1"]
1.d4 c6
2.e4 g6
3.c3 Bf8g7
4.f4 d6
5.Bf1e2 f5
6.e5 Bc8e6
7.exd6 Qd8xd6
8.Ng1f3 Nb8d7
9.Bc1e3 Nd7b6
10.b3 Ra8d8
11.c4 Nb6d7
12.Nb1d2 Ng8f6
13.Be2d3 Nf6g4
14.Be3g1 a6
15.h3 Ng4h6
16.Bg1e3 Qd6b4
17.Ra1c1 b5
18.c5 Nd7f6
19.Nf3e5 Be6d5
20.O-O Nh6f7
21.Ne5f3 Nf6e4
22.Rf1e1 Qb4a5
23.Rc1a1 Qa5c7
24.Nf3e5 Rd8a8
25.Ne5xf7 Kxf7
26.Nd2xe4 fxe4
27.Bd3c2 Qc7d7
28.g4 Rh8f8
29.Re1f1 Kg8
30.Ra1c1 Qd7c7
31.Qd1d2 e6
32.Rc1e1 Rf8f7
33.g5 Qc7d7
34.h4 h6
35.gxh6 Bg7xh6
36.Qd2g2 Kg7
37.Bc2xe4 Rf7f6
38.Be4xd5 exd5
39.h5 Ra8f8
40.Kh1 Qd7f7
41.Qg2g4 Kh7
42.Be3d2 Qf7c7
43.Re1e2 Rf8f7
44.Rf1g1 Rf7e7
45.hxg6 Kg7
46.Rg1e1 Re7xe2
47.Re1xe2 Bh6xf4
48.Bd2xf4 Rf6xf4
49.Qg4g5 Rf4f6
50.Qg5e5 Qc7xe5
51.dxe5 Rf6xg6
52.e6 Kf8
53.e7 Ke8
54.b4 Rg6g8
55.Re2e6 Kd7
56.Re6d6 Kxe7
57.Rd6xc6 Rg8d8
58.Rc6xa6 d4
59.c6 Kd6
60.Kg1 Kc7
61.Kf2 d3
62.Ke1 d2
63.Kd1 Rd8d6
64.a3 Rd6d4
{ draw }
1/2-1/2

[Event "Match"]
[Site "www.echecsemail.com"]
[Date "2017.06.25"]
[Round "1"]
[White "Llcervello"]
[Black "Robinjut"]
[WhiteElo "1600"]
[BlackElo "1620"]
[Result "0-1"]
[Round "1"]
1.e4 e5
2.d3 Nb8c6
3.c3 Bf8d6
4.b4 a6
5.a4 Ng8e7
6.Qd1g4 g6
7.Bc1h6 Ne7g8
8.Qg4h3 Qd8f6
9.Ng1f3 b6
10.Nb1d2 Bc8b7
11.Nd2b3 Ng8xh6
12.Qh3xh6 O-O-O
13.b5 Nc6a5
14.Nb3xa5 bxa5
15.Ra1b1 axb5
16.Rb1xb5 Qf6e6
17.c4 Bd6b4
18.Nf3d2 c6
19.Rb5b6 Kc7
20.Qh6e3 d6
21.Rb6xb4 axb4
22.Nd2b3 Rd8a8
23.a5 c5
24.f3 Bb7c6
25.Nb3xc5 dxc5
26.Qe3xc5 Ra8a6
27.Qc5xb4 Rh8b8
28.Qb4c5 h5
29.Kf2 Rb8b2
30.Bf1e2 f5
31.Rh1a1 fxe4
32.dxe4 Kd7
33.Ra1d1 Kc7
34.Rd1d5 Qe6f6
35.g3 Rb2a2
36.Rd5d6 Qf6xd6
37.Qc5xd6 Kxd6
38.f4 Ra6xa5
39.fxe5 Ra5xe5
40.Kf1 Re5xe4
41.Be2d3 Re4e6
42.h3 Bc6g2
43.Kg1 Re6e1
44.Kh2 Bg2f3
{ resign }
0-1

[Event "Match"]
[Site "www.echecsemail.com"]
[Date "2017.06.25"]
[Round "1"]
[White "Cjood"]
[Black "Biggles"]
[WhiteElo "1850"]
[BlackElo "2080"]
[Result "1/2-1/2"]
[Round "1"]
1.e4 e6
2.d4 d5
3.exd5 exd5
4.Bc1f4 Ng8f6
5.Ng1f3 Bc8g4
6.h3 Bg4h5
7.Nb1c3 c6
8.Bf1d3 Bf8e7
9.g4 Bh5g6
10.Bd3xg6 hxg6
11.Qd1d2 O-O
12.O-O-O Rf8e8
13.Rh1g1 Be7d6
14.Bf4g5 Nb8d7
15.h4 Qd8c7
16.Kb1 Nf6e4
17.Nc3xe4 Re8xe4
18.Qd2d3 Ra8e8
19.Nf3d2 Re4e2
20.Bg5e3 Re2xd2
21.Be3xd2 Nd7f6
22.h5 Nf6e4
23.f3 Ne4f2
24.Qd3f1 Nf2xd1
25.Qf1xd1 gxh5
26.gxh5 Bd6f4
27.Bd2xf4 { draw }
1/2-1/2

[Event "Match"]
[Site "www.echecsemail.com"]
[Date "2017.06.25"]
[Round "1"]
[White "Iko"]
[Black "Cjood"]
[WhiteElo "1620"]
[BlackElo "2030"]
[Result "0-1"]
[Round "1"]
1.e4 c5
2.d4 cxd4
3.Qd1xd4 Nb8c6
4.Qd4d1 g6
5.Bf1b5 Nc6e5
6.Bc1f4 Bf8g7
7.Bf4xe5 Bg7xe5
8.c3 a6
9.Bb5c4 Qd8c7
10.Nb1a3 Qc7b6
11.Qd1f3 Ng8f6
12.g4 Qb6xb2
13.Ra1b1 Qb2xa3
14.Rb1b4 Be5xc3
15.Ke2 Qa3xb4
16.Bc4d3 Qb4b2
17.Ke3 Qb2d2

0-1

[Event "Match"]
[Site "www.echecsemail.com"]
[Date "2017.06.25"]
[Round "1"]
[White "Caspito"]
[Black "Gvladutz"]
[WhiteElo "1920"]
[BlackElo "1499"]
[Result "0-1"]
[Round "1"]
1.e4 c6
2.d4 d5
3.e5 Bc8f5
4.Bf1d3 Bf5xd3
5.Qd1xd3 e6
6.Ng1f3 c5
7.Bc1e3 cxd4
8.Be3xd4 Nb8c6
9.O-O Ng8h6
10.Qd3b5 Nh6f5
11.Nb1d2 Qd8d7
12.c3 Nc6xe5
13.Qb5xd7 Ne5xd7
14.Nf3e5 Nf5xd4
15.Ne5xd7 Nd4e2
16.Kh1 Kxd7
17.Rf1e1 Ne2f4
18.Re1e3 Bf8d6
19.Re3g3 Nf4g6
20.Rg3f3 Ng6e5
21.Rf3h3 Ra8c8
22.Ra1d1 b5
23.a3 Ne5c4
24.b3 Nc4xd2
25.Rd1xd2 Rc8c7
26.g4 h6
27.g5 Bd6f4
28.Rd2d4 Bf4xg5
{ resign }
0-1

[Event "Tourn. n9398"]
[Site "www.chess-mail.com"]
[Date "2017.06.26"]
[Round "1"]
[White "Cjood"]
[Black "Julian"]
[WhiteElo "1900"]
[BlackElo "1660"]
[Result "1-0"]
[Round "1"]
1.e4 c5
2.c3 Nb8c6
3.Ng1f3 e5
4.g3 d5
5.exd5 e4
6.dxc6 exf3
7.Qd1xf3 bxc6
8.Qf3xc6 Bc8d7
9.Qc6e4 Bf8e7
10.Bf1g2 Ra8c8
11.Qe4b7 Ng8f6
12.Qb7xa7 O-O
13.O-O  { time }
1-0

[Event "Tourn. n9395"]
[Site "www.chess-mail.com"]
[Date "2017.06.26"]
[Round "1"]
[White "Julian"]
[Black "Asibicho"]
[WhiteElo "1690"]
[BlackElo "1760"]
[Result "0-1"]
[Round "1"]
1.e4 e5
2.Ng1f3 Nb8c6
3.d4 exd4
4.Nf3xd4 Bf8c5
5.Bc1e3 Bc5b6
6.c3 d6
7.Nb1d2 Ng8f6
8.Bf1b5 Bc8d7
9.Nd4xc6 bxc6
10.Bb5c4 O-O
11.O-O Rf8e8
12.Be3xb6 cxb6
13.Rf1e1 Qd8c7
14.f4 Ra8d8
 { time }
0-1

[Event "Tourn. n9426"]
[Site "www.chess-mail.com"]
[Date "2017.06.26"]
[Round "1"]
[White "Bojan"]
[Black "Fedallah"]
[WhiteElo "2010"]
[BlackElo "1930"]
[Result "0-1"]
[Round "1"]
1.e4 e6
2.d4 d5
3.exd5 exd5
4.Bf1e2 Ng8f6
5.Bc1g5 Bf8e7
6.Ng1f3 O-O
7.a3 Rf8e8
8.O-O h6
9.Bg5h4 Bc8f5
10.Nb1d2 Nb8d7
11.Bh4g3 c6
12.c4 dxc4
13.Nd2xc4 Nd7b6
14.b3 Nb6d5
15.Qd1d2 Nf6e4
16.Qd2b2 Ne4xg3
17.hxg3 Be7f6
18.Nf3e5 Qd8c7
19.Rf1e1 Ra8d8
20.Ra1d1 c5
21.Ne5g4 Bf5xg4
22.Be2xg4 Bf6xd4
23.Qb2c2 Qc7xg3
24.Bg4f3 Qg3g5
25.Re1xe8 Rd8xe8
26.Qc2d3 Nd5f4
27.Qd3d2 Nf4h3
28.Kf1 Qg5xd2
29.Rd1xd2 Nh3g5
30.Bf3xb7 Re8b8
31.Nc4d6 Bd4e5
32.Bb7f3 Ng5xf3
33.gxf3 Rb8xb3
34.Rd2c2 Be5xd6
35.Rc2d2 Bd6e5
36.Rd2d5 Be5d4
{ resign }
0-1

[Event "Tourn. n9380"]
[Site "www.chess-mail.com"]
[Date "2017.06.26"]
[Round "1"]
[White "Orhany24"]
[Black "Mihaiiorga"]
[WhiteElo "2230"]
[BlackElo "2220"]
[Result "1/2-1/2"]
[Round "1"]
1.e4 c5
2.Ng1f3 Nb8c6
3.d4 cxd4
4.Nf3xd4 e6
5.c4 Bf8c5
6.Nd4xc6 bxc6
7.Bf1d3 Ng8e7
8.Nb1c3 d5
9.cxd5 exd5
10.exd5 cxd5
11.O-O O-O
12.Qd1h5 g6
13.Qh5h4 Ne7f5
14.Qh4xd8 Rf8xd8
15.Bc1g5 Bc5e7
16.Bg5xe7 Nf5xe7
17.Rf1e1 Bc8e6
18.f4 a6
{ draw }
1/2-1/2

[Event "Tourn. n9397"]
[Site "www.chess-mail.com"]
[Date "2017.06.26"]
[Round "1"]
[White "Julian"]
[Black "Astroboy"]
[WhiteElo "1680"]
[BlackElo "1499"]
[Result "0-1"]
[Round "1"]
1.e4 c5
2.Ng1f3 d6
3.d4 cxd4
4.Nf3xd4 Ng8f6
5.Nb1c3 g6
6.Bf1c4 Bf8g7
7.O-O O-O
8.Bc1g5 Nb8c6
9.Rf1e1 Bc8d7
10.Nd4xc6 bxc6
11.f4 Ra8b8
12.e5 Nf6g4
 { time }
0-1

[Event "Tourn. n9423"]
[Site "www.chess-mail.com"]
[Date "2017.06.26"]
[Round "1"]
[White "Mitja"]
[Black "Abuelo"]
[WhiteElo "2120"]
[BlackElo "2190"]
[Result "0-1"]
[Round "1"]
1.d4 Ng8f6
2.e3 d5
3.h3 Nb8c6
4.Nb1d2 a6
5.Nd2b3 Bc8f5
6.Ng1e2 Nc6b4
7.Ne2g3 Nb4xc2
8.Ke2 Nc2xa1
9.Ng3xf5 Na1xb3
10.Qd1xb3 e6
11.Nf5g3 b5
12.Qb3c2 Bf8d6
13.Ke1 Bd6xg3
14.fxg3 O-O
15.Bf1e2 Nf6e4
16.g4 Qd8d6
17.Be2f3 Qd6g3
18.Kd1 Ne4f2
{ resign }
0-1

[Event "Tourn. n9381"]
[Site "www.chess-mail.com"]
[Date "2017.06.26"]
[Round "1"]
[White "Julian"]
[Black "Passaroa25"]
[WhiteElo "1690"]
[BlackElo "1630"]
[Result "0-1"]
[Round "1"]
1.e4 c6
2.d4 d6
3.Ng1f3 h6
4.Bf1d3 f6
5.O-O Bc8e6
6.c4 Be6f7
7.Nb1c3 Nb8d7
8.Rf1e1 e5
9.Bc1e3 Ng8e7
10.c5 Ne7g6
11.cxd6 Bf8xd6
12.dxe5 Bd6xe5
13.Nf3xe5 Ng6xe5
14.Bd3e2 O-O
 { time }
0-1

[Event "Tourn. n9274"]
[Site "www.chess-mail.com"]
[Date "2017.06.26"]
[Round "1"]
[White "Darko10"]
[Black "Danquigley"]
[WhiteElo "2710"]
[BlackElo "2540"]
[Result "1-0"]
[Round "1"]
1.d4 Ng8f6
2.c4 g6
3.Nb1c3 d5
4.cxd5 Nf6xd5
5.e4 Nd5xc3
6.bxc3 Bf8g7
7.Bf1c4 c5
8.Ng1e2 Nb8c6
9.Bc1e3 O-O
10.O-O Qd8c7
11.Ra1c1 b6
12.Bc4b5 a6
13.Bb5xc6 Qc7xc6
14.d5 Qc6d6
15.c4 f5
16.exf5 Bc8xf5
17.Be3f4 Qd6d7
18.Qd1d2 e6
19.d6 Ra8d8
20.Ne2g3 Qd7c6
21.Rf1e1 e5
22.Re1xe5 Rd8xd6
23.Re5xc5 Rd6xd2
24.Rc5xc6 Rd2xa2
25.Ng3xf5 Rf8xf5
26.Bf4e3 b5
27.g3 bxc4
28.Rc1xc4 Rf5f6
29.Rc6c5 Rf6f5
30.Rc5xf5 gxf5
31.Rc4c5 a5
32.Rc5xf5 a4
33.Kg2 a3
34.Be3c5 Bg7b2
35.g4 Ra2a1
36.Bc5e3 Bb2c3
37.Rf5f4 Ra1b1
38.Rf4a4 Bc3b4
39.h4 Kf7
40.h5 Bb4e7
41.g5 Rb1d1
42.f4 Rd1d3
43.Kf2 Kg8
44.Ra4a8 Rd3d8
45.Ra8a7 Be7f8
46.Kf3 Rd8b8
47.Be3d4 Rb8d8
48.Ke4 Rd8e8
49.Kf5 Bf8e7
50.g6 h6
51.Bd4e5 Kf8
52.Be5f6 { resign }
1-0

[Event "Tourn. n9251"]
[Site "www.chess-mail.com"]
[Date "2017.06.26"]
[Round "1"]
[White "Norlavuaram"]
[Black "Falcoale"]
[WhiteElo "2110"]
[BlackElo "2010"]
[Result "0-1"]
[Round "1"]
1.e4 c5
2.Ng1f3 e6
3.d4 cxd4
4.Nf3xd4 Ng8f6
5.Bf1d3 a6
6.O-O Nb8c6
7.Bc1e3 Bf8e7
8.f3 O-O
9.a3 b5
10.Kh1 Bc8b7
11.c4 bxc4
12.Bd3xc4 d5
13.exd5 Nc6xd4
14.Qd1xd4 Nf6xd5
15.Nb1c3 Nd5xe3
16.Qd4xe3 Ra8c8
17.Ra1d1 Qd8c7
18.Bc4a2 Be7c5
19.Qe3g5 Bc5e7
20.Qg5g4 Be7xa3
21.Nc3e4 Ba3xb2
22.Rd1b1 Bb7xe4
23.Qg4xe4 Bb2f6
24.h3 Qc7g3
25.Qe4e1 Qg3f4
26.Qe1a5 Rc8a8
27.Qa5b4 Qf4xb4
28.Rb1xb4 a5
29.Rb4a4 Rf8b8
30.Rf1b1 Bf6c3
31.Ra4c4 Rb8xb1
32.Ba2xb1 Bc3b4
33.Bb1c2 g6
34.Bc2e4 Ra8d8
35.Kg1 Rd8d1
36.Kf2 Rd1a1
37.Be4c6 Kg7
38.Bc6e8 Bb4e1
39.Ke2 Be1g3
40.Rc4g4 Bg3e5
41.Rg4a4 Ra1xa4
42.Be8xa4 Be5c3
43.Kd3 Bc3b4
44.Ke4 Bb4e1
45.g4 Be1h4
46.f4 f5
47.gxf5 exf5
48.Kf3 Kf6
49.Ba4c2 h6
50.Ke3 g5
51.Kf3 h5
52.fxg5 Bh4xg5
53.h4 Bg5xh4
54.Bc2a4 Ke5
55.Ba4e8 Bh4e7
56.Be8xh5 a4
57.Bh5f7 a3
58.Bf7g8 f4
59.Bg8a2 Be7d6
60.Ke2 Kd4
61.Kd2 Ke4
{ resign }
0-1

[Event "Tourn. n9289"]
[Site "www.chess-mail.com"]
[Date "2017.06.26"]
[Round "1"]
[White "Conde7"]
[Black "Danquigley"]
[WhiteElo "2870"]
[BlackElo "2559"]
[Result "1-0"]
[Round "1"]
1.e4 c5
2.Ng1f3 a6
3.d4 cxd4
4.Qd1xd4 Nb8c6
5.Qd4e3 Ng8f6
6.c4 Nf6g4
7.Qe3d3 Qd8b6
8.Qd3d2 d6
9.Nb1c3 e6
10.h3 Ng4e5
11.Bf1e2 Bf8e7
12.O-O O-O
13.Qd2e3 Ne5xf3
14.Be2xf3 Qb6c7
15.Bf3e2 Bc8d7
16.Rf1d1 Be7f6
17.b3 Rf8d8
18.Bc1b2 Nc6e5
19.g3 Bd7e8
20.Ra1c1 Qc7a5
21.Qe3d2 Qa5c5
22.Kg2 Ne5g6
23.h4 b6
24.h5 Ng6e7
25.Nc3d5 exd5
26.b4 Qc5c7
27.cxd5 Qc7b7
28.Bb2xf6 gxf6
29.Qd2f4 Be8b5
30.Be2g4 Bb5d7
31.Bg4f3 Bd7a4
32.Rd1h1 Ra8c8
33.Qf4xf6 Kf8
34.Rc1xc8 Rd8xc8
35.Qf6h8 Ne7g8
36.h6 Qb7c7
37.e5 Qc7c3
38.Rh1h5 { resign }
1-0

[Event "Match"]
[Site "www.echecsemail.com"]
[Date "2017.06.26"]
[Round "1"]
[White "Billyg"]
[Black "Dussek"]
[WhiteElo "1740"]
[BlackElo "1499"]
[Result "1-0"]
[Round "1"]
1.e4 e6
2.d4 d5
3.Qd1e2 dxe4
4.Qe2xe4 Ng8f6
5.Qe4d3 Nb8c6
6.Ng1f3 Bf8d6
7.a3 O-O
8.Nf3g5 g6
9.Bf1e2 h6
10.Ng5e4 Nf6xe4
11.Qd3xe4 Bd6e7
12.Bc1xh6 Rf8e8
13.O-O Nc6xd4
14.Rf1d1 Nd4xe2
15.Qe4xe2 Be7f8
16.Rd1xd8 Re8xd8
17.Bh6xf8 Rd8xf8
18.Nb1c3 { resign }
1-0

[Event "1/64 Finale"]
[Site "www.chess-mail.com"]
[Date "2017.06.26"]
[Round "1"]
[White "Osopanda"]
[Black "Corr"]
[WhiteElo "1720"]
[BlackElo "1850"]
[Result "0-1"]
[Round "1"]
1.Ng1f3 Ng8f6
2.c4 g6
3.d4 Bf8g7
4.Nb1c3 O-O
5.e4 d6
6.Bf1d3 e5
7.O-O Nb8c6
8.Bc1g5 Nc6xd4
9.Nf3xd4 exd4
10.Nc3d5 c6
11.Nd5xf6 Bg7xf6
12.Bg5xf6 Qd8xf6
13.Qd1e2 Rf8e8
 { time }
0-1

[Event "Eq:Last King-Slap Shot Mates : "]
[Site "www.chess-mail.com"]
[Date "2017.06.26"]
[Round "1"]
[White "Geodad5"]
[Black "Fabos12"]
[WhiteElo "2140"]
[BlackElo "1950"]
[Result "1-0"]
[Round "1"]
1.d4 d5
2.c4 Ng8f6
3.Nb1c3 Bc8f5
4.e3 e6
5.a3 Bf8e7
6.Ng1f3 h6
7.Bf1e2 Nb8d7
8.O-O c6
9.c5 b6
10.b4 bxc5
11.dxc5 Nf6e4
12.Nc3xe4 Bf5xe4
13.Bc1b2 Rh8g8
14.Bb2d4 g5
15.Nf3d2 Be4h7
16.Nd2b3 Ra8b8
17.Be2h5 e5
18.Bd4c3 Bh7g6
19.Qd1e2 Qd8c7
20.Rf1e1 f6
{ time. }
1-0

[Event "Tourn. n9425"]
[Site "www.chess-mail.com"]
[Date "2017.06.27"]
[Round "1"]
[White "Cristiano"]
[Black "Jackbauer"]
[WhiteElo "1760"]
[BlackElo "1870"]
[Result "0-1"]
[Round "1"]
1.f4 g6
2.Ng1f3 Bf8g7
3.c3 Nb8c6
4.g3 d5
5.d4 e6
6.Bf1g2 Ng8e7
7.O-O O-O
8.Nf3e1 Rf8e8
{ resign }
0-1

[Event "Tourn. n9413"]
[Site "www.chess-mail.com"]
[Date "2017.06.27"]
[Round "1"]
[White "Passaroa25"]
[Black "Julian"]
[WhiteElo "1660"]
[BlackElo "1660"]
[Result "1-0"]
[Round "1"]
1.e4 d6
2.c3 e5
3.d3 Ng8f6
4.f3 Bc8e6
5.Nb1d2 c6
6.Nd2b3 Nb8d7
7.Ng1e2 Bf8e7
8.Ne2g3 O-O
9.Bc1d2  { time }
1-0

[Event "Tourn. n9378"]
[Site "www.chess-mail.com"]
[Date "2017.06.27"]
[Round "1"]
[White "Julian"]
[Black "Jackbauer"]
[WhiteElo "1720"]
[BlackElo "1890"]
[Result "0-1"]
[Round "1"]
1.e4 c5
2.Ng1f3 d6
3.d4 cxd4
4.Nf3xd4 e5
5.Nd4f3 a6
6.c4 Nb8c6
7.Nb1c3 h6
8.Bf1e2 Ng8f6
9.O-O Bf8e7
10.h3 Bc8d7
11.Rf1e1 O-O
12.Bc1e3 Bd7e6
13.Nc3d5 Be6d7
14.Nf3d2 Nc6d4
15.Be3xd4 exd4
16.Ra1c1 Nf6xd5
17.cxd5 Be7f6
 { time }
0-1

[Event "Tourn. n9395"]
[Site "www.chess-mail.com"]
[Date "2017.06.27"]
[Round "1"]
[White "Cal"]
[Black "Julian"]
[WhiteElo "1700"]
[BlackElo "1690"]
[Result "1-0"]
[Round "1"]
1.c4 Ng8f6
2.Nb1c3 d6
3.e4 Nb8d7
4.d3 e5
5.h3 Bf8e7
6.Ng1f3 O-O
7.Bf1e2 c6
8.O-O Nd7b6
9.a3 Bc8e6
10.b4 Qd8c7
11.Bc1g5 Rf8e8
12.a4 a6
13.Rf1e1 Ra8d8
14.a5 Nb6d7
15.Nf3h4 d5
16.c5 dxe4
17.dxe4 h6
18.Bg5xf6  { time }
1-0

[Event "Tourn. n9421"]
[Site "www.chess-mail.com"]
[Date "2017.06.27"]
[Round "1"]
[White "Madz123456"]
[Black "Bojan"]
[WhiteElo "1830"]
[BlackElo "2010"]
[Result "1-0"]
[Round "1"]
1.e4 d5
2.exd5 Qd8xd5
3.Nb1c3 Qd5d8
4.d4 h6
5.Ng1f3 Ng8f6
6.Nf3e5 Bc8e6
7.Bf1d3 a6
8.O-O c6
9.Rf1e1 Nb8d7
10.Ne5g6 Rh8g8
11.Re1xe6 fxe6
12.Ng6f4 Qd8b6
13.Nf4xe6 Nd7b8
14.Bc1f4 g5
15.Ne6c7 Kd8
16.Nc7xa8 Qb6xd4
17.Bf4c7 Ke8
18.Bd3g6 Rg8xg6
19.Qd1xd4 Nb8d7
20.Na8b6 e5
21.Qd4d3 Rg6g7
22.Nb6xd7 Nf6xd7
23.Ra1d1 Bf8c5
24.Nc3e4 Rg7f7
25.Ne4xc5 { resign }
1-0

[Event "Tourn. n9398"]
[Site "www.chess-mail.com"]
[Date "2017.06.27"]
[Round "1"]
[White "Julian"]
[Black "Pachi"]
[WhiteElo "1680"]
[BlackElo "1610"]
[Result "0-1"]
[Round "1"]
1.e4 e5
2.Ng1f3 d6
3.d4 Nb8c6
4.Bf1b5 Bc8d7
5.dxe5 dxe5
6.O-O Ng8f6
7.Rf1e1 Nc6b4
8.Bb5xd7 Qd8xd7
9.Qd1e2 O-O-O
10.Nb1a3 g6
11.Bc1g5 Qd7c6
12.c3 Nb4a6
13.Nf3xe5 Qc6e6
 { time }
0-1

[Event "Tourn. n9398"]
[Site "www.chess-mail.com"]
[Date "2017.06.27"]
[Round "1"]
[White "Julian"]
[Black "Asibicho"]
[WhiteElo "1680"]
[BlackElo "1760"]
[Result "0-1"]
[Round "1"]
1.e4 c5
2.Ng1f3 d6
3.d4 cxd4
4.Nf3xd4 Ng8f6
5.Nb1c3 Nb8c6
6.Bc1e3 e5
7.Nd4f3 Bf8e7
8.Bf1b5 O-O
9.O-O Qd8c7
10.Nc3d5 Qc7d7
11.c4 Nf6xe4
12.Nd5xe7 Qd7xe7
13.Qd1d3 Ne4f6
 { time }
0-1

[Event "Tourn. n9325"]
[Site "www.chess-mail.com"]
[Date "2017.06.27"]
[Round "1"]
[White "Conde7"]
[Black "Numanoid"]
[WhiteElo "2860"]
[BlackElo "2500"]
[Result "1-0"]
[Round "1"]
1.e4 e6
2.d4 d5
3.e5 c5
4.c3 Nb8c6
5.Ng1f3 Qd8b6
6.a3 Ng8h6
7.b4 cxd4
8.cxd4 Nh6f5
9.Bc1b2 Bc8d7
10.g4 Nf5e7
11.Nb1c3 Ne7g6
12.Nc3a4 Qb6d8
13.h4 h5
14.g5 b6
15.Ra1c1 a5
16.b5 Nc6e7
17.Na4c3 Ra8c8
18.Qd1b3 Ne7f5
19.Nc3e2 Rc8xc1
20.Bb2xc1 Qd8c7
21.Qb3b2 Bf8e7
22.Ne2g3  { time }
1-0

[Event "Tourn. n9414"]
[Site "www.chess-mail.com"]
[Date "2017.06.27"]
[Round "1"]
[White "Madz123456"]
[Black "Julian"]
[WhiteElo "1730"]
[BlackElo "1660"]
[Result "1-0"]
[Round "1"]
1.e4 d6
2.d4 Ng8f6
3.Nb1c3 Nb8d7
4.f4 e5
5.Ng1f3 c6
6.dxe5 dxe5
7.fxe5 Nf6g4
8.e6 fxe6
9.Nf3g5  { time }
1-0

[Event "Tourn. n9397"]
[Site "www.chess-mail.com"]
[Date "2017.06.27"]
[Round "1"]
[White "Pachi"]
[Black "Julian"]
[WhiteElo "1610"]
[BlackElo "1680"]
[Result "1-0"]
[Round "1"]
1.e4 d6
2.Nb1c3 Ng8f6
3.d3 e5
4.Bc1g5 Bf8e7
5.Bg5xf6 Be7xf6
6.Nc3d5 O-O
7.c3 Bc8e6
8.Qd1b3 Qd8c8
9.d4 exd4
10.Bf1c4 c6
11.Nd5f4 Be6xc4
12.Qb3xc4 dxc3
13.bxc3  { time }
1-0

[Event "Tourn. n9278"]
[Site "www.chess-mail.com"]
[Date "2017.06.27"]
[Round "1"]
[White "Guzenko"]
[Black "Pellix84"]
[WhiteElo "2000"]
[BlackElo "2060"]
[Result "0-1"]
[Round "1"]
1.e4 c5
2.Nb1c3 Nb8c6
3.Ng1f3 d6
4.d4 cxd4
5.Nf3xd4 e5
6.Nd4xc6 bxc6
7.Bf1e2 Ng8f6
8.O-O h6
9.f4 Bf8e7
10.fxe5 Qd8b6
11.Kh1 dxe5
12.b3 O-O
13.Bc1b2 Rf8d8
14.Be2d3 Bc8g4
15.Qd1e1 a5
16.Qe1g3 Qb6c7
17.Ra1e1 Bg4c8
18.Bb2c1 Nf6h5
19.Qg3f3 Nh5f4
20.Nc3e2 g5
21.Ne2xf4 gxf4
22.Re1d1 Bc8e6
23.g3 Be7g5
24.gxf4 exf4
25.h4 f6
26.Rf1g1 Kf7
27.hxg5 hxg5
28.Qf3h5 Kg7
29.Qh5f3 Rd8h8
30.Kg2 Rh8h3
31.Qf3f1 Qc7b6
32.Qf1f2 Rh3g3
33.Qf2xg3 fxg3
34.Kxg3 Qb6c7
35.Kf2 Ra8h8
36.Rg1g2 Rh8h4
37.Rd1g1 g4
38.Bd3c4 Qc7e5
39.Bc4xe6 Qe5xe6
40.Rg1e1 Qe6e5
41.Re1e3 f5
42.exf5 Qe5xf5
43.Ke2 Qf5xc2
44.Bc1d2 Qc2xa2
45.Re3g3 Kf6
46.Rg3xg4 Rh4xg4
 { time }
0-1

[Event "Tourn. n9402"]
[Site "www.chess-mail.com"]
[Date "2017.06.27"]
[Round "1"]
[White "Julian"]
[Black "Cjood"]
[WhiteElo "1660"]
[BlackElo "1880"]
[Result "0-1"]
[Round "1"]
1.e4 e6
2.d4 d5
3.e5 Bc8d7
4.Ng1f3 h6
5.Bf1d3 a6
6.O-O Nb8c6
7.Bc1e3 g5
8.Nb1d2 Bf8g7
9.Rf1e1 f6
10.c4 fxe5
11.cxd5 exd5
 { time }
0-1

[Event "Tourn. n9391"]
[Site "www.chess-mail.com"]
[Date "2017.06.27"]
[Round "1"]
[White "Roohbakhsh"]
[Black "Estonia"]
[WhiteElo "2140"]
[BlackElo "2030"]
[Result "0-1"]
[Round "1"]
1.c4 e5
2.Nb1c3 Ng8f6
3.g3 d5
4.Bf1g2 c6
5.b3 d4
6.Nc3e4 Bc8f5
7.d3 Bf8b4
8.Bc1d2 Bb4xd2
9.Qd1xd2 Nb8a6
10.Ra1c1 Bf5xe4
11.Bg2xe4 Nf6xe4
12.dxe4 O-O
13.b4 c5
14.b5 Na6c7
15.Ng1f3 f6
16.a4 b6
17.O-O Qd8d7
18.a5 Qd7h3
19.Rc1a1 g5
 { time }
0-1

[Event "Tourn. n9388"]
[Site "www.chess-mail.com"]
[Date "2017.06.27"]
[Round "1"]
[White "Leonger"]
[Black "Greghghs"]
[WhiteElo "2450"]
[BlackElo "2530"]
[Result "0-1"]
[Round "1"]
1.d4 d5
2.c4 c6
3.Ng1f3 Ng8f6
4.e3 Bc8f5
5.Nb1c3 a6
6.Bf1d3 Bf5g6
7.O-O e6
8.h3 Nb8d7
9.Rf1e1 Bf8b4
10.Bd3xg6 hxg6
11.Qd1b3 Bb4xc3
 { time }
0-1